Bibliohemerografía hostosiana de autores dominicanos (1876 - 2003) / (Registro nro. 14258)

Detalles MARC
000 -LEADER
fixed length control field 01152nam a2200313 a 4500
001 - CONTROL NUMBER
control field
003 - CONTROL NUMBER IDENTIFIER
control field DO-SdBNP
005 - DATE AND TIME OF LATEST TRANSACTION
control field 20220909132635.0
007 - PHYSICAL DESCRIPTION FIXED FIELD--GENERAL INFORMATION
fixed length control field ta
008 - FIXED-LENGTH DATA ELEMENTS--GENERAL INFORMATION
fixed length control field 091028s2003 dr 00 0 spa d
020 ## - INTERNATIONAL STANDARD BOOK NUMBER
International Standard Book Number 9993431222
040 ## - CATALOGING SOURCE
Original cataloging agency DO-SdBNP
Language of cataloging spa
Transcribing agency BPMSU
082 ## - DEWEY DECIMAL CLASSIFICATION NUMBER
Classification number R016.7293
Item number H831b 2003
Edition number 22
100 1# - MAIN ENTRY--PERSONAL NAME
Personal name Collado, Miguel A.,
Dates associated with a name 1954-
245 10 - TITLE STATEMENT
Title Bibliohemerografía hostosiana de autores dominicanos (1876 - 2003) /
Statement of responsibility, etc. Miguel Collado; presentación Diógenes Céspedes.
Medium
260 ## - PUBLICATION, DISTRIBUTION, ETC. (IMPRINT)
Place of publication, distribution, etc. Santo Domingo :
Name of publisher, distributor, etc. BNPHU,
Date of publication, distribution, etc. 2003.
300 ## - PHYSICAL DESCRIPTION
Extent 112 p. ;
Dimensions 23 cm.
490 0# - SERIES STATEMENT
Series statement Biblioteca Nacional Pedro Henríquez Ureña;
-- Bibliográfica
Volume/sequential designation 1/112
500 ## - GENERAL NOTE
General note Incluye datos biográficos del autor en las solapas
500 ## - GENERAL NOTE
General note Incluye índice de autores
590 ## - LOCAL NOTE (RLIN)
Local note Inventariado, 2022/VM
600 14 - SUBJECT ADDED ENTRY--PERSONAL NAME
Personal name Hostos , Eugenio María de,
Dates associated with a name 1839-1903
Form subdivision Bibliografías
650 #4 - SUBJECT ADDED ENTRY--TOPICAL TERM
Topical term or geographic name as entry element Autores dominicanos
Form subdivision Bibliografía
650 #4 - SUBJECT ADDED ENTRY--TOPICAL TERM
Topical term or geographic name as entry element Literatura dominicana
Form subdivision Bibliohemerografía
700 1# - ADDED ENTRY--PERSONAL NAME
Personal name Céspedes, Diógenes,
Dates associated with a name 1941-
710 2# - ADDED ENTRY--CORPORATE NAME
Corporate name or jurisdiction name as entry element Biblioteca Nacional Pedro Henríquez Ureña (República Dominicana)
910 ## - USER-OPTION DATA (OCLC)
User-option data VMateo V. /Validado
942 ## - ADDED ENTRY ELEMENTS (KOHA)
Source of classification or shelving scheme Dewey Decimal Classification
Koha item type Libros
Existencias
Withdrawn status Lost status Source of classification or shelving scheme Damaged status Not for loan Collection code Home library Current library Date acquired Total Checkouts Full call number Barcode Date last seen Price effective from Koha item type
    Dewey Decimal Classification     Colección de Referencia Dominicana Biblioteca Pública Metropolitana Salomé Ureña Biblioteca Pública Metropolitana Salomé Ureña 09/09/2022   BPMSU CDR R016.7293 H831b 2003 BPMSU22090015 09/12/2022 09/12/2022 Libros